| 000 | 00488nam a2200193Ia 4500 | ||
|---|---|---|---|
| 008 | 170918s9999 xx 000 0 und d | ||
| 020 | _a439512751 | ||
| 050 | _bL847 1999 | ||
| 100 | _aLondon, Jonathan | ||
| 245 | _aFroggy plays in the band / | ||
| 245 | _cJonathan London ; illustrated by Frank Remkiewicz. | ||
| 260 | _aNew York : | ||
| 260 | _bScholastic, | ||
| 260 | _c2002 | ||
| 300 | _aunpaged : | ||
| 300 | _bcolored illustration ; | ||
| 300 | _c21cm. | ||
| 500 | _a190 | ||
| 999 |
_c341030 _d341030 |
||